000 00472nam a22001337a 4500
020 _aNA
082 _222
_a294.392092
100 _aTshewang Padma,
245 _aThe Treasure Revealer of Bhutan,(Pemalingpa, the terma tradition and its Critics /
260 _aEMT Publishing House, Katmandu Nepal,
_bEMT Publishing House, Katmandu Nepal,
_cc1995.
300 _a171p,;
_bNA
_c24cm
700 _aKhenpo Tashi Phuntsshok, Butters Chris and Sebreg signature K.
942 _2ddc
_cBK
_01
999 _c839
_d839